Most Spoken Non-Official Languages - Statistics

General Stats
  • This quiz has been taken 127 times
    4 since last reset
  • The average score is 12 of 25
Answer Stats
#
Language % Correct
86m Yue (includes Cantonese)
100%
59m Kannada
100%
114m Punjabi
100%
50m Min Nan (includes Hokkien)
75%
62m Gujarati
75%
75m Javanese
75%
38m Malayalam
75%
83m Wu
75%
38m Xiang
75%
44m Hakka
50%
37m Igbo
50%
99m Marathi
50%
40m Odia
50%
37m Sindhi
50%
38m Sundanese
50%
96m Telugu
50%
53m Yoruba
50%
22m Cebuano
25%
23m Gan
25%
48m Jin
25%
24m Assamese
0%
53m Bhojpuri
0%
22m Isan
0%
23m Maithili
0%
28m Saraiki
0%
No matching quizzes found
Score Distribution
Percent of People with Each Score
Percentile by Number Answered
Your Score History
You have not taken this quiz since the last reset